[Event "HUN-ch Rapid"]
[Site "Ajka"]
[Date "2021.07.17"]
[Round "9"]
[White "Tomosvary, Attila"]
[Black "Kozma, Karoly"]
[Result "0-1"]
[WhiteElo "2120"]
[BlackElo "2197"]
[PlyCount "86"]
[EventDate "2021.07.16"]
[EventType "swiss (rapid)"]
[EventRounds "13"]
[EventCountry "HUN"]
[SourceTitle "CBM 203 Extra"]
[Source "ChessBase"]
[SourceDate "2021.09.30"]
[SourceVersion "1"]
[SourceVersionDate "2021.09.30"]
[SourceQuality "1"]

1. e4 c5 2. Nc3 Nc6 3. f4 e6 4. Nf3 a6 5. g3 g6 6. d3 Bg7 7. Bg2 Nge7 8. 0-0 0-0 9. Bd2 d6 10. h3 b6 11. Rb1 Bb7 12. g4 f5 13. exf5 exf5 14. Ng5 Qd7 15. Re1 Nd4 16. Ne2 Bxg2 17. Nxd4 Bb7 18. Nde6 Qc6 19. Qf3 Qxf3 20. Nxf3 Bxf3 21. Nxg7 Rf7 22. Ne6 fxg4 23. Ng5 Rg7 24. Bc3 Nd5 25. Bxg7 Kxg7 26. Nxf3 gxf3 27. Kf2 Rf8 28. Kxf3 Nxf4 29. Kg3 g5 30. Re7+ Kg6 31. Rbe1 Nh5+ 32. Kg2 Nf4+ 33. Kh2 h5 34. Rd7 Rf6 35. Ree7 h4 36. Rg7+ Kf5 37. Rgf7 Rxf7 38. Rxf7+ Ke5 39. Rb7 Nd5 40. Kg2 Ne3+ 41. Kf3 Nxc2 42. Rxb6 Nb4 43. Ke3 Nd5+ 0-1

[Event "HUN-ch Rapid"]
[Site "Ajka"]
[Date "2021.07.16"]
[Round "3"]
[White "Acs, Peter"]
[Black "Kozma, Karoly"]
[Result "1-0"]
[WhiteElo "2565"]
[BlackElo "2197"]
[PlyCount "65"]
[EventDate "2021.07.16"]
[EventType "swiss (rapid)"]
[EventRounds "13"]
[EventCountry "HUN"]
[SourceTitle "CBM 203 Extra"]
[Source "ChessBase"]
[SourceDate "2021.09.30"]
[SourceVersion "1"]
[SourceVersionDate "2021.09.30"]
[SourceQuality "1"]

1. e4 c5 2. Nf3 d6 3. d4 cxd4 4. Nxd4 Nf6 5. Nc3 Nc6 6. Bg5 e6 7. Qd2 a6 8. 0-0-0 h6 9. Be3 Be7 10. f4 Bd7 11. Kb1 Qc7 12. Bd3 Nxd4 13. Bxd4 Bc6 14. Rhe1 b5 15. Bxf6 Bxf6 16. Nd5 Bxd5 17. exd5 e5 18. g4 Rd8 19. g5 hxg5 20. fxg5 Be7 21. g6 Bf6 22. Rf1 fxg6 23. Bxg6+ Ke7 24. Rf3 Rh4 25. Rdf1 Rf8 26. Qg2 Qc5 27. Rc3 Rc4 28. Rg3 Rb4 29. a3 Rd4 30. c3 Rc4 31. Be4 Rf7 32. Qf3 a5 33. Rxg7 1-0

[Event "HUN-ch rapid"]
[Site "Ajka"]
[Date "2020.07.19"]
[Round "13"]
[White "Terbe, Zsuzsanna"]
[Black "Kozma, Karoly"]
[Result "0-1"]
[WhiteElo "2192"]
[BlackElo "2197"]
[PlyCount "92"]
[EventDate "2020.07.17"]
[EventType "swiss (rapid)"]
[EventRounds "13"]
[EventCountry "HUN"]
[SourceTitle "CBM 197 Extra"]
[Source "ChessBase"]
[SourceDate "2020.09.30"]
[SourceVersion "1"]
[SourceVersionDate "2020.09.30"]
[SourceQuality "1"]

1. d4 Nf6 2. Nf3 g6 3. g3 Bg7 4. Bg2 0-0 5. c4 d6 6. Nc3 Nc6 7. 0-0 Bf5 8. Ne1 Qc8 9. e4 Bh3 10. f3 e5 11. d5 Nd4 12. Be3 c5 13. dxc6 bxc6 14. Nc2 Bxg2 15. Kxg2 Nxc2 16. Qxc2 Qe6 17. b3 d5 18. cxd5 cxd5 19. Nxd5 Nxd5 20. exd5 Qxd5 21. Rfd1 Qb7 22. Rac1 Rac8 23. Qd3 h5 24. Bc5 Rfe8 25. Rc4 a6 26. b4 Qb5 27. Qc2 Rcd8 28. a4 Qb7 29. Bd6 e4 30. Rxe4 Rxe4 31. fxe4 Qd7 32. Rd5 Rc8 33. Bc5 Qe6 34. Qd3 Re8 35. a5 Kh7 36. Rd6 Qa2+ 37. Qd2 Qc4 38. Qd3 Qa2+ 39. Qd2 Qc4 40. Qd5 Qe2+ 41. Bf2 Rxe4 42. Qxf7 Rg4 43. h3 Rg5 44. Qf3 Qc4 45. Rd7 Rf5 46. Qe3 Qc6+ 0-1

[Event "HUN-chT2 Szechenyi 1718"]
[Site "Hungary"]
[Date "2018.01.28"]
[Round "5.5"]
[White "Szokolszky, Miklos"]
[Black "Kozma, Karoly"]
[Result "0-1"]
[WhiteElo "1926"]
[BlackElo "2286"]
[PlyCount "66"]
[EventDate "2017.10.29"]
[EventType "team-tourn"]
[EventRounds "9"]
[EventCountry "HUN"]
[SourceTitle "EXT 2021"]
[Source "ChessBase"]
[SourceDate "2020.10.23"]
[SourceVersion "1"]
[SourceVersionDate "2020.10.23"]
[SourceQuality "1"]
[WhiteTeam "Sarvar"]
[BlackTeam "Ajka Banyasz"]
[WhiteTeamCountry "HUN"]
[BlackTeamCountry "HUN"]

1. e4 c5 2. Nf3 d6 3. d4 cxd4 4. Nxd4 Nf6 5. Nc3 Nc6 6. Be2 e5 7. Nb3 Be7 8. Be3 0-0 9. g4 Be6 10. g5 Nd7 11. Rg1 a5 12. Rg3 a4 13. Nd2 a3 14. b3 Qa5 15. Nb5 d5 16. exd5 Bxd5 17. Kf1 Rad8 18. c3 Rc8 19. b4 Qa8 20. Bg4 Rfd8 21. Rh3 Qa6 22. Be2 Be6 23. Rh4 Qa8 24. Bd3 Nf8 25. Qe2 e4 26. Bxe4 Ne5 27. Kg1 Nfg6 28. Qh5 h6 29. gxh6 Bxh4 30. hxg7 Bg4 31. Qh6 Bf6 32. f4 Bxg7 33. Qg5 f6 0-1

[Event "HUN-chT2 Szechenyi 1718"]
[Site "Hungary"]
[Date "2017.12.17"]
[Round "4.7"]
[White "Kozma, Karoly"]
[Black "Solymosi, Istvan"]
[Result "1-0"]
[WhiteElo "2286"]
[BlackElo "2117"]
[PlyCount "75"]
[EventDate "2017.10.29"]
[EventType "team-tourn"]
[EventRounds "9"]
[EventCountry "HUN"]
[SourceTitle "EXT 2021"]
[Source "ChessBase"]
[SourceDate "2020.10.23"]
[SourceVersion "1"]
[SourceVersionDate "2020.10.23"]
[SourceQuality "1"]
[WhiteTeam "Ajka Banyasz"]
[BlackTeam "Gyor Elektromos"]
[WhiteTeamCountry "HUN"]
[BlackTeamCountry "HUN"]

1. Nf3 Nf6 2. b3 e6 3. Bb2 Be7 4. g3 b6 5. Bg2 Bb7 6. 0-0 c5 7. c4 d6 8. d4 cxd4 9. Qxd4 Nbd7 10. Nc3 a6 11. Rfd1 Rc8 12. Ng5 Bxg2 13. Kxg2 0-0 14. Nge4 Ne8 15. Qe3 Qc7 16. f3 Nef6 17. Rd2 Rfd8 18. Rad1 Nc5 19. Nxc5 Qxc5 20. Qxc5 Rxc5 21. e4 b5 22. Ba3 Rc6 23. e5 Ne8 24. exd6 Bf8 25. c5 Nf6 26. Bb4 Nd7 27. Ba5 Rb8 28. b4 g6 29. a4 Bg7 30. axb5 axb5 31. Ne2 Ra8 32. Rc2 Kf8 33. Rdd2 Ke8 34. f4 Nb8 35. Bc7 Nd7 36. Ra2 Rca6 37. Rxa6 Rxa6 38. Rc2 1-0

[Event "HUN-chT2 Szechenyi 1718"]
[Site "Hungary"]
[Date "2017.12.03"]
[Round "3.5"]
[White "Szabo, Benjamin"]
[Black "Kozma, Karoly"]
[Result "1/2-1/2"]
[WhiteElo "1994"]
[BlackElo "2286"]
[PlyCount "63"]
[EventDate "2017.10.29"]
[EventType "team-tourn"]
[EventRounds "9"]
[EventCountry "HUN"]
[SourceTitle "EXT 2021"]
[Source "ChessBase"]
[SourceDate "2020.10.23"]
[SourceVersion "1"]
[SourceVersionDate "2020.10.23"]
[SourceQuality "1"]
[WhiteTeam "Tapolca VSE II"]
[BlackTeam "Ajka Banyasz"]
[WhiteTeamCountry "HUN"]
[BlackTeamCountry "HUN"]

1. d4 Nf6 2. Nf3 g6 3. g3 Bg7 4. Bg2 0-0 5. 0-0 d6 6. c4 Nc6 7. Nc3 Bf5 8. Nh4 Bd7 9. e4 e5 10. d5 Nd4 11. Be3 Re8 12. h3 c5 13. dxc6 bxc6 14. c5 dxc5 15. Na4 Qa5 16. Rc1 Bf8 17. Re1 Be6 18. Bd2 Qc7 19. Nxc5 Bxa2 20. Qa4 Bxc5 21. Rxc5 Be6 22. Bc3 Bb3 23. Qa6 Qb6 24. Ra5 Qxa6 25. Rxa6 Bc4 26. Ra5 Bb5 27. Kh2 Nd7 28. Rd1 Nc5 29. f4 Ndb3 30. Ra3 exf4 31. gxf4 a6 32. Bf6 1/2-1/2

[Event "HUN-chT2 Szechenyi 1617"]
[Site "Hungary"]
[Date "2017.03.12"]
[Round "10.5"]
[White "Kozma, Karoly"]
[Black "Farkas, Zsolt"]
[Result "0-1"]
[WhiteElo "2284"]
[BlackElo "2159"]
[PlyCount "62"]
[EventDate "2016.09.25"]
[EventType "team-tourn"]
[EventRounds "11"]
[EventCountry "HUN"]
[SourceTitle "EXT 2021"]
[Source "ChessBase"]
[SourceDate "2020.10.23"]
[SourceVersion "1"]
[SourceVersionDate "2020.10.23"]
[SourceQuality "1"]
[WhiteTeam "Ajka Banyasz"]
[BlackTeam "Csuti Baki Agrocentrum"]
[WhiteTeamCountry "HUN"]
[BlackTeamCountry "HUN"]

1. Nf3 f5 2. g3 Nf6 3. Bg2 g6 4. 0-0 Bg7 5. c4 0-0 6. Nc3 d6 7. b4 Ne4 8. Bb2 Nd7 9. Qc2 Ndf6 10. Nxe4 Nxe4 11. Bxg7 Kxg7 12. d3 Nf6 13. d4 Qe8 14. d5 e5 15. dxe6 Bxe6 16. Nd4 Rb8 17. Rad1 Qf7 18. c5 Bxa2 19. cxd6 cxd6 20. Ra1 Bd5 21. Rxa7 Bxg2 22. Kxg2 Ra8 23. Rfa1 Rxa7 24. Rxa7 Qd5+ 25. Nf3 Rf7 26. Qc8 g5 27. Ra5 b5 28. Kg1 Qd1+ 29. Kg2 Qxe2 30. Nxg5 Ng4 31. Nh3 Ne3+ 0-1

[Event "HUN-chT2 Szechenyi 1617"]
[Site "Hungary"]
[Date "2017.01.29"]
[Round "7.5"]
[White "Szabo, Balazs1111"]
[Black "Kozma, Karoly"]
[Result "0-1"]
[WhiteElo "1961"]
[BlackElo "2284"]
[PlyCount "108"]
[EventDate "2016.09.25"]
[EventType "team-tourn"]
[EventRounds "11"]
[EventCountry "HUN"]
[SourceTitle "EXT 2021"]
[Source "ChessBase"]
[SourceDate "2020.10.23"]
[SourceVersion "1"]
[SourceVersionDate "2020.10.23"]
[SourceQuality "1"]
[WhiteTeam "Veszprem Ezust Huszar"]
[BlackTeam "Ajka Banyasz"]
[WhiteTeamCountry "HUN"]
[BlackTeamCountry "HUN"]

1. e4 c5 2. Nf3 e6 3. d4 cxd4 4. Nxd4 Nf6 5. Nc3 d6 6. Bg5 Nc6 7. Qd2 a6 8. 0-0-0 h6 9. Be3 Be7 10. f3 Bd7 11. Kb1 b5 12. g4 b4 13. Nce2 Ne5 14. Ng3 d5 15. Bf4 Nc4 16. Bxc4 dxc4 17. h4 c3 18. Qc1 Qa5 19. g5 hxg5 20. hxg5 Rxh1 21. Rxh1 Ng8 22. Rh8 0-0-0 23. Qf1 Kb7 24. e5 Bb5 25. Nde2 cxb2 26. Kxb2 Bc4 27. Qb1 Qa3+ 28. Ka1 Qxf3 29. Qh1 Qxh1+ 30. Rxh1 Kc6 31. Kb2 f6 32. gxf6 gxf6 33. Re1 Rd5 34. Ne4 f5 35. N4g3 a5 36. c3 Rb5 37. Nd4+ Kb6 38. Nxb5 Kxb5 39. cxb4 Bxb4 40. Rd1 Ne7 41. a3 Bc5 42. Rd8 Nd5 43. Rb8+ Ka4 44. Bd2 Bxa3+ 45. Kc2 Nb4+ 46. Bxb4 axb4 47. Nh5 Bd5 48. Nf6 Ba2 49. Ne8 b3+ 50. Kc3 b2 51. Kc2 f4 52. Nc7 b1Q+ 53. Rxb1 Bxb1+ 54. Kxb1 f3 0-1

[Event "HUN-chT2 Szechenyi 1617"]
[Site "Hungary"]
[Date "2016.11.27"]
[Round "5.5"]
[White "Nagy, Hunor"]
[Black "Kozma, Karoly"]
[Result "0-1"]
[WhiteElo "1968"]
[BlackElo "2284"]
[PlyCount "106"]
[EventDate "2016.09.25"]
[EventType "team-tourn"]
[EventRounds "11"]
[EventCountry "HUN"]
[SourceTitle "EXT 2021"]
[Source "ChessBase"]
[SourceDate "2020.10.23"]
[SourceVersion "1"]
[SourceVersionDate "2020.10.23"]
[SourceQuality "1"]
[WhiteTeam "Gyor Szechenyi"]
[BlackTeam "Ajka Banyasz"]
[WhiteTeamCountry "HUN"]
[BlackTeamCountry "HUN"]

1. d4 Nf6 2. Nf3 g6 3. c4 Bg7 4. Nc3 0-0 5. e4 d6 6. Be2 Na6 7. 0-0 e5 8. d5 Nc5 9. Nd2 a5 10. a3 c6 11. Rb1 a4 12. f3 Bh6 13. Nb3 Bxc1 14. Nxc1 Nh5 15. Nd3 Qb6 16. Kh1 Nb3 17. f4 Nxf4 18. Nxf4 exf4 19. Rxf4 Qe3 20. Rf3 Qh6 21. Rg3 c5 22. Bd3 Bd7 23. Qg1 Rae8 24. Re1 b6 25. Qe3 Qg7 26. Qf2 Nd4 27. Rge3 Qe5 28. g3 Re7 29. Kg2 Rfe8 30. Qf4 Kg7 31. Kf2 Qh5 32. h4 Re5 33. Be2 Nxe2 34. R1xe2 Bg4 35. Nb5 Bxe2 36. Nxd6 R8e7 37. Rxe2 f5 38. Re3 fxe4 39. Kg2 Qd1 40. Qf2 Qd4 41. Qe2 Rf5 42. Nxf5+ gxf5 43. Qf2 h6 44. Qf4 Qxb2+ 45. Kh1 Qc1+ 46. Kh2 Qc2+ 47. Kg1 Qxc4 48. Qd6 Qc1+ 49. Kg2 Qb2+ 50. Kh1 Qe5 51. Qc6 f4 52. gxf4 Qxf4 53. Re2 Qf1+ 0-1

[Event "HUN-chT2 Szechenyi 1617"]
[Site "Hungary"]
[Date "2016.10.09"]
[Round "2.5"]
[White "Kozma, Karoly"]
[Black "Vinkovics, Sandor"]
[Result "1-0"]
[WhiteElo "2284"]
[BlackElo "2026"]
[PlyCount "37"]
[EventDate "2016.09.25"]
[EventType "team-tourn"]
[EventRounds "11"]
[EventCountry "HUN"]
[SourceTitle "EXT 2021"]
[Source "ChessBase"]
[SourceDate "2020.10.23"]
[SourceVersion "1"]
[SourceVersionDate "2020.10.23"]
[SourceQuality "1"]
[WhiteTeam "Ajka Banyasz"]
[BlackTeam "Lovo"]
[WhiteTeamCountry "HUN"]
[BlackTeamCountry "HUN"]

1. d4 f5 2. c4 Nf6 3. g3 g6 4. Bg2 Bg7 5. Nh3 e6 6. 0-0 c5 7. dxc5 Na6 8. Nc3 Nxc5 9. Bf4 a6 10. Bd6 Bf8 11. b4 Nce4 12. Nxe4 fxe4 13. Ng5 Bxd6 14. Qxd6 e3 15. fxe3 Qe7 16. Qe5 0-0 17. c5 h6 18. Ne4 Ng4 19. Qc3 1-0

[Event "HUN-chT2 Szechenyi 1516"]
[Site "Hungary"]
[Date "2015.10.04"]
[Round "2.3"]
[White "Kozma, Karoly"]
[Black "Rozsa, Peter"]
[Result "1-0"]
[WhiteElo "2275"]
[BlackElo "2068"]
[PlyCount "75"]
[EventDate "2015.09.13"]
[EventType "team-tourn"]
[EventRounds "11"]
[EventCountry "HUN"]
[SourceTitle "CBM 170 Extra"]
[Source "ChessBase"]
[SourceDate "2016.02.25"]
[SourceVersion "1"]
[SourceVersionDate "2016.02.25"]
[SourceQuality "1"]
[WhiteTeam "Ajka Banyasz"]
[BlackTeam "Keszthely Spartacus"]
[WhiteTeamCountry "HUN"]
[BlackTeamCountry "HUN"]

1. Nf3 c5 2. b3 e6 3. Bb2 Nf6 4. g3 b6 5. Bg2 Bb7 6. 0-0 Be7 7. c4 0-0 8. d4 d5 9. e3 dxc4 10. bxc4 cxd4 11. exd4 Qc7 12. Qe2 Nc6 13. Nbd2 Rfd8 14. Rac1 Rac8 15. Rfe1 Qd6 16. Ne5 Rc7 17. c5 bxc5 18. Ndc4 Nxd4 19. Bxd4 Qxd4 20. Bxb7 Rxb7 21. Nc6 Qd7 22. N4e5 Qc7 23. Nxd8 Bxd8 24. Qc4 Rb4 25. Qxc5 Nd5 26. Qxb4 Nxb4 27. Rxc7 Bxc7 28. Rc1 Nd5 29. Nc6 Kf8 30. Nxa7 Bb6 31. Nc6 Ke8 32. a4 Ne7 33. Nxe7 Kxe7 34. Rb1 Bd4 35. Rb7+ Kd6 36. a5 f5 37. a6 Kc6 38. Rf7 1-0

[Event "HUN-chT2 Szechenyi 1213"]
[Site "Hungary"]
[Date "2013.01.27"]
[Round "6.2"]
[White "Kozma, Karoly"]
[Black "Jonas, Zsolt"]
[Result "1-0"]
[WhiteElo "2311"]
[BlackElo "2100"]
[PlyCount "85"]
[EventDate "2012.09.16"]
[EventType "team-tourn"]
[EventRounds "11"]
[EventCountry "HUN"]
[SourceTitle "EXT 2014"]
[Source "ChessBase"]
[SourceDate "2013.11.20"]
[SourceVersion "1"]
[SourceVersionDate "2013.11.20"]
[SourceQuality "1"]
[WhiteTeam "Ajka Banyasz"]
[BlackTeam "Veszprem"]
[WhiteTeamCountry "HUN"]
[BlackTeamCountry "HUN"]

1. Nf3 c5 2. g3 d5 3. Bg2 Nf6 4. 0-0 e6 5. c4 Be7 6. d4 0-0 7. cxd5 Nxd5 8. e4 Nf6 9. Nc3 cxd4 10. Nxd4 e5 11. Nf5 Bxf5 12. exf5 Nc6 13. Be3 Qc8 14. Qb3 Rb8 15. Nb5 a6 16. Na7 Qxf5 17. Bxc6 bxc6 18. Nxc6 Qh3 19. Nxb8 Ng4 20. Rfd1 Nxh2 21. Qd5 Rxb8 22. Qg2 Qxg2+ 23. Kxg2 Ng4 24. b3 f5 25. Rac1 a5 26. Rc7 Bf6 27. Ba7 Re8 28. f3 Nh6 29. Rb7 e4 30. Rb8 exf3+ 31. Kxf3 Rxb8 32. Bxb8 g5 33. Bc7 Kf7 34. Bxa5 Ng4 35. Bd8 Ne5+ 36. Ke2 f4 37. gxf4 gxf4 38. Bxf6 Kxf6 39. a4 h5 40. a5 Kf5 41. Rd5 h4 42. Rxe5+ Kxe5 43. a6 1-0

[Event "Budapest-chT1 Lilienthal 1112"]
[Site "Budapest"]
[Date "2012.03.04"]
[Round "9"]
[White "Kaposztas, Miklos"]
[Black "Kozma, Karoly"]
[Result "0-1"]
[WhiteElo "2187"]
[BlackElo "2290"]
[PlyCount "94"]
[EventDate "2011.10.02"]
[EventType "team-tourn"]
[EventRounds "11"]
[EventCountry "HUN"]
[SourceTitle "EXT 2020"]
[Source "ChessBase"]
[SourceDate "2019.10.17"]
[SourceVersion "1"]
[SourceVersionDate "2019.10.17"]
[SourceQuality "1"]
[WhiteTeam "Budapest Vasas II"]
[BlackTeam "Hid Unio"]
[WhiteTeamCountry "HUN"]
[BlackTeamCountry "HUN"]

1. c4 Nf6 2. Nc3 g6 3. e4 d6 4. d4 Bg7 5. Nge2 0-0 6. Ng3 e5 7. d5 Nbd7 8. Be2 a5 9. h4 Nc5 10. h5 c6 11. h6 Bh8 12. Bg5 Qb6 13. Qd2 cxd5 14. cxd5 Qb4 15. Rb1 Bd7 16. f3 Rfc8 17. Be3 a4 18. Nb5 Qxd2+ 19. Kxd2 Ne8 20. Rbc1 Ra5 21. Nc3 b5 22. Bd3 Nxd3 23. Kxd3 f5 24. Nge2 b4 25. Nb1 Nf6 26. Rxc8+ Bxc8 27. Bb6 Ba6+ 28. Ke3 Rb5 29. Bd8 Rb8 30. Bxf6 Bxf6 31. exf5 gxf5 32. Rh5 f4+ 33. Kd2 Rc8 34. g3 Bxe2 35. Kxe2 Rc2+ 36. Kd3 Rxb2 37. Nd2 fxg3 38. Rh3 g2 39. Rg3+ Kf7 40. Rxg2 Rxa2 41. Rg4 b3 42. Ne4 b2 43. Kc2 a3 44. Nxd6+ Kf8 45. Nb5 Ra1 46. Nxa3 Rxa3 47. Kxb2 Rxf3 0-1

[Event "Budapest-chT1 Lilienthal 1112"]
[Site "Budapest"]
[Date "2012.01.15"]
[Round "6"]
[White "Kozma, Karoly"]
[Black "Borda, Lajos"]
[Result "1-0"]
[WhiteElo "2290"]
[BlackElo "2100"]
[PlyCount "97"]
[EventDate "2011.10.02"]
[EventType "team-tourn"]
[EventRounds "11"]
[EventCountry "HUN"]
[SourceTitle "EXT 2020"]
[Source "ChessBase"]
[SourceDate "2019.10.17"]
[SourceVersion "1"]
[SourceVersionDate "2019.10.17"]
[SourceQuality "1"]
[WhiteTeam "Hid Unio"]
[BlackTeam "Taban Spartacus II"]
[WhiteTeamCountry "HUN"]
[BlackTeamCountry "HUN"]

1. d4 Nf6 2. c4 e5 3. dxe5 Ng4 4. Bf4 Nc6 5. Nf3 Bb4+ 6. Nbd2 Qe7 7. e3 Ngxe5 8. Nxe5 Nxe5 9. Be2 0-0 10. 0-0 Bxd2 11. Qxd2 a5 12. Qc3 d6 13. c5 Ng6 14. cxd6 cxd6 15. Bg3 Be6 16. Qa3 Rfd8 17. Rac1 Bd5 18. Rfd1 Qe6 19. b3 Ne5 20. h3 Bc6 21. Rd4 b5 22. Bxe5 b4 23. Qb2 dxe5 24. Bg4 Qf6 25. Rxd8+ Rxd8 26. Rc5 Bd5 27. e4 Bxe4 28. Qxe5 Qb6 29. Rxa5 Bc6 30. Qc5 Rb8 31. Qxb6 Rxb6 32. Be2 g6 33. Bc4 Kg7 34. f3 Bd7 35. Kf2 Be6 36. Ra6 Rxa6 37. Bxa6 Bf5 38. Ke3 Bb1 39. Bd3 Bxa2 40. Bc2 Kf6 41. Kd4 h5 42. h4 g5 43. g3 gxh4 44. gxh4 Ke6 45. f4 Bxb3 46. Bxb3+ Kf5 47. Ke3 Kg4 48. Bxf7 Kxh4 49. Be6 1-0

[Event "Budapest-chT1 Lilienthal 1011"]
[Site "Budapest"]
[Date "2010.10.03"]
[Round "2"]
[White "Kozma, Karoly"]
[Black "Paal, Attila"]
[Result "1-0"]
[WhiteElo "2276"]
[BlackElo "2211"]
[PlyCount "75"]
[EventDate "2010.09.19"]
[EventType "team-tourn"]
[EventRounds "11"]
[EventCountry "HUN"]
[SourceTitle "EXT 2020"]
[Source "ChessBase"]
[SourceDate "2019.10.17"]
[SourceVersion "1"]
[SourceVersionDate "2019.10.17"]
[SourceQuality "1"]
[WhiteTeam "Hid Unio"]
[BlackTeam "Penzugyor III"]
[WhiteTeamCountry "HUN"]
[BlackTeamCountry "HUN"]

1. Nf3 Nf6 2. g3 b6 3. Bg2 Bb7 4. 0-0 d6 5. d4 Nbd7 6. c4 g6 7. Nc3 Bg7 8. Qc2 0-0 9. Rd1 e6 10. b3 Qe7 11. Bb2 a6 12. a4 Rfd8 13. a5 Rac8 14. Ne1 Bxg2 15. Nxg2 Nb8 16. Qd2 c5 17. axb6 cxd4 18. Qxd4 Qb7 19. Qe3 d5 20. Qf3 Nbd7 21. Na4 Qb8 22. c5 e5 23. Rac1 Qb7 24. Ne3 e4 25. Qf4 Nh5 26. Qh4 Ne5 27. Bxe5 Bxe5 28. c6 Qb8 29. c7 Bxc7 30. bxc7 Rxc7 31. Rxc7 Qxc7 32. Nxd5 Rxd5 33. Rxd5 Qc1+ 34. Kg2 Qb1 35. Qe7 Qc2 36. Nc5 Qxe2 37. Rd8+ Kg7 38. Ne6+ 1-0